LEADER 10667nas# 22005891i 450 001 UON00100632 005 20231205102551.22 011 $a0521--9744 100 $a20020107a1955 |0itac50 ba 101 $amul 102 $aNL 105 $a|||| ||||| 110 $aaQ||||||||| 200 1 $aBabel$erevue internationale de la traduction$fpubliée par la Fédération Internationale des Traducteurs (FIT) avec le concours de l'Unesco$dBabel$einternational journal of translators with the assistance of Unesco 205 $a1(1955)- 207 $aAmsterdam : Swets and Zeitlinger N.V., 1955- 210 $aTrimestrale 215 $aIl luogo e il nome dell'editore cambiano nel corso della pubblicazione 316 $aLa data è quella della schedatura al Sebina. Per data e valore vedi inv. SOM.$5IT-UONSI GLOTTA 4VI - 001/01 - 1955 316 $aVedi nota vol. 1$5IT-UONSI GLOTTA 4VI - 001/02 - 1956 316 $aVedi nota v. 1$5IT-UONSI GLOTTA 4VI - 001/03 - 1957 316 $aVedi nota v. 1$5IT-UONSI GLOTTA 4VI - 001/05 - 1959 316 $aVedi nota v. 1$5IT-UONSI GLOTTA 4VI - 001/06 - 1960 316 $aVedi nota v. 1$5IT-UONSI GLOTTA 4VI - 001/07 - 1961 316 $aVedi nota v. 1$5IT-UONSI GLOTTA 4VI - 001/08 - 1962 316 $aVedi nota v. 1$5IT-UONSI GLOTTA 4VI - 001/09 - 1963 316 $aVedi nota v. 1$5IT-UONSI GLOTTA 4VI - 001/10 - 1964 316 $aVedi nota v. 1$5IT-UONSI GLOTTA 4VI - 001/11 - 1965 316 $aVedi nota v. 1$5IT-UONSI GLOTTA 4VI - 001/12 - 1966 316 $aVedi nota v. 1$5IT-UONSI GLOTTA 4VI - 001/13 - 1967 316 $aVedi NOTA V. 1$5IT-UONSI GLOTTA 4VI - 001/14 - 1968 316 $aVedi nota v. 1$5IT-UONSI GLOTTA 4VI - 001/15 - 1969 316 $aVedi nota v. 1$5IT-UONSI GLOTTA 4VI - 001/16 - 1970 316 $aDoppione$5IT-UONSI GLOTTA 4VI - 001/17 - 1971 doppio 316 $aVedi nota v. 1$5IT-UONSI GLOTTA 4VI - 001/19 - 1973 316 $aVedi nota v. 1$5IT-UONSI GLOTTA 4VI - 001/20 - 1974 316 $aVedi nota v. 1$5IT-UONSI GLOTTA 4VI - 001/21 - 1975 316 $aVedi nota v. 1$5IT-UONSI GLOTTA 4VI - 001/22 - 1976 316 $aVedi nota v. 1$5IT-UONSI GLOTTA 4VI - 001/17 - 1971 423 1$1001UON00364600$12001 $aInternational journal of translation 423 1$1001UON00364601$12001 $aRevue internationale de la traduction 510 1$3UON00364602$aBabel : international journal of translation 620 $aNL$dAmsterdam$3UONL001817 712 12$aFédération Internationale des Traducteurs$3UONV056381 712 $aSwets & Zeitlinger$3UONV251522$4650 801 $aIT$bSOL$c20240220$gRICA 899 $aSIBA - SISTEMA BIBLIOTECARIO DI ATENEO$2UONSI$41(1955)-58(2012);$cGLOTT A 4 VI 001 ; 912 $aUON00100632 950 $aSIBA - SISTEMA BIBLIOTECARIO DI ATENEO$bSI 1(1955)-58(2012);$dSI GLOTT A 4 VI - 001 58 - 2012 $eSI 4269 7 58 - 2012 $dSI GLOTT A 4 VI - 001 01 - 1955 $eSI LO 17489 7 01 - 1955 La data è quella della schedatura al Sebina. Per data e valore vedi inv. SOM.$dSI GLOTT A 4 VI - 001 02 - 1956 $eSI LO 17490 7 02 - 1956 Vedi nota vol. 1$dSI GLOTT A 4 VI - 001 03 - 1957 $eSI LO 17491 7 03 - 1957 Vedi nota v. 1$dSI GLOTT A 4 VI - 001 04 - 1958 $eSI LO 17492 7 04 - 1958 $dSI GLOTT A 4 VI - 001 05 - 1959 $eSI LO 17493 7 05 - 1959 Vedi nota v. 1$dSI GLOTT A 4 VI - 001 06 - 1960 $eSI LO 17494 7 06 - 1960 Vedi nota v. 1$dSI GLOTT A 4 VI - 001 07 - 1961 $eSI LO 17495 7 07 - 1961 Vedi nota v. 1$dSI GLOTT A 4 VI - 001 08 - 1962 $eSI LO 17496 7 08 - 1962 Vedi nota v. 1$dSI GLOTT A 4 VI - 001 09 - 1963 $eSI LO 17497 7 09 - 1963 Vedi nota v. 1$dSI GLOTT A 4 VI - 001 10 - 1964 $eSI LO 17498 7 10 - 1964 Vedi nota v. 1$dSI GLOTT A 4 VI - 001 11 - 1965 $eSI LO 17499 7 11 - 1965 Vedi nota v. 1$dSI GLOTT A 4 VI - 001 12 - 1966 $eSI LO 17500 7 12 - 1966 Vedi nota v. 1$dSI GLOTT A 4 VI - 001 13 - 1967 $eSI LO 17501 7 13 - 1967 Vedi nota v. 1$dSI GLOTT A 4 VI - 001 14 - 1968 $eSI LO 17502 7 14 - 1968 Vedi NOTA V. 1$dSI GLOTT A 4 VI - 001 15 - 1969 $eSI LO 17503 7 15 - 1969 Vedi nota v. 1$dSI GLOTT A 4 VI - 001 16 - 1970 $eSI LO 17504 7 16 - 1970 Vedi nota v. 1$dSI GLOTT A 4 VI - 001 17 - 1971 doppio $eSI LO 17505 7 17 - 1971 doppio Doppione$dSI GLOTT A 4 VI - 001 18 - 1972 $eSI LO 25985 7 18 - 1972 $dSI GLOTT A 4 VI - 001 19 - 1973 $eSI LO 25986 7 19 - 1973 Vedi nota v. 1$dSI GLOTT A 4 VI - 001 20 - 1974 $eSI LO 25987 7 20 - 1974 Vedi nota v. 1$dSI GLOTT A 4 VI - 001 21 - 1975 $eSI LO 25988 7 21 - 1975 Vedi nota v. 1$dSI GLOTT A 4 VI - 001 22 - 1976 $eSI LO 25989 7 22 - 1976 Vedi nota v. 1$dSI GLOTT A 4 VI - 001 23 - 1977 $eSI MC 3747 7 23 - 1977 $dSI GLOTT A 4 VI - 001 24 - 1978 $eSI MC 3761 7 24 - 1978 $dSI GLOTT A 4 VI - 001 25 - 1979 $eSI MC 3763 7 25 - 1979 $dSI GLOTT A 4 VI - 001 27 - 1981 $eSI MC 4736 7 27 - 1981 $dSI GLOTT A 4 VI - 001 26 - 1980 $eSI MC 5128 7 26 - 1980 $dSI GLOTT A 4 VI - 001 28 - 1982 $eSI MC 6705 7 28 - 1982 $dSI GLOTT A 4 VI - 001 29 - 1983 $eSI MC 7394 7 29 - 1983 $dSI GLOTT A 4 VI - 001 30 - 1984 $eSI MC 8236 7 30 - 1984 $dSI GLOTT A 4 VI - 001 indice 1965-66 $eSI MC 8586/1 7 indice 1965-66 $dSI GLOTT A 4 VI - 001 indice 1967-68 $eSI MC 8586/2 7 indice 1967-68 $dSI GLOTT A 4 VI - 001 indice 1955-64 $eSI MC 8586 7 indice 1955-64 $dSI GLOTT A 4 VI - 001 31 - 1985 $eSI MC 9755 7 31 - 1985 $dSI GLOTT A 4 VI - 001 32 - 1986 $eSI MC 10047 7 32 - 1986 $dSI GLOTT A 4 VI - 001 33 - 1987 $eSI MC 11344 7 33 - 1987 $dSI GLOTT A 4 VI - 001 34 - 1988 $eSI MC 12027 7 34 - 1988 $dSI GLOTT A 4 VI - 001 35 - 1989 $eSI MC 13479 7 35 - 1989 $dSI GLOTT A 4 VI - 001 36 - 1990 $eSI MC 14066 7 36 - 1990 $dSI GLOTT A 4 VI - 001 37 - 1991 $eSI MC 15122 7 37 - 1991 $dSI GLOTT A 4 VI - 001 38 - 1992 $eSI MC 16231 7 38 - 1992 $dSI GLOTT A 4 VI - 001 39 - 1993 $eSI MC 16967 7 39 - 1993 $dSI GLOTT A 4 VI - 001 40 - 1994 $eSI MC 17949 7 40 - 1994 $dSI GLOTT A 4 VI - 001 41 - 1995 $eSI MC 18578 7 41 - 1995 $dSI GLOTT A 4 VI - 001 42 - 1996 $eSI MC 19736 7 42 - 1996 $dSI GLOTT A 4 VI - 001 43 - 1997 $eSI MC 20920 7 43 - 1997 $dSI GLOTT A 4 VI - 001 44 - 1998 $eSI MC 21766 7 44 - 1998 $dSI GLOTT A 4 VI - 001 45 - 1999 $eSI MC 22403 7 45 - 1999 $dSI GLOTT A 4 VI - 001 46 - 2000 $eSI MC 25539 7 46 - 2000 $dSI GLOTT A 4 VI - 001 47 - 2001 $eSI MC 25673 7 47 - 2001 $dSI GLOTT A 4 VI - 001 48 - 2002 $eSI MC 26095 7 48 - 2002 $dSI GLOTT A 4 VI - 001 49 - 2003 $eSI MC 27170 7 49 - 2003 $dSI GLOTT A 4 VI - 001 50 - 2004 $eSI MC 28902 7 50 - 2004 $dSI GLOTT A 4 VI - 001 51 - 2005 $eSI MC 29845 7 51 - 2005 $dSI GLOTT A 4 VI - 001 52 - 2006 $eSI MC 30871 7 52 - 2006 $dSI GLOTT A 4 VI - 001 53 - 2007 $eSI MC 31575 7 53 - 2007 $dSI GLOTT A 4 VI - 001 54 - 2008 $eSI MC 32001 7 54 - 2008 $dSI GLOTT A 4 VI - 001 55 - 2009 $eSI MC 32536 7 55 - 2009 $dSI GLOTT A 4 VI - 001 56 - 2010 $eSI MC 33221 7 56 - 2010 $dSI GLOTT A 4 VI - 001 57 - 2011 $eSI MC 34001 7 57 - 2011 $dSI GLOTT A 4 VI - 001 17 - 1971 $eSI MR 84800 7 17 - 1971 Vedi nota v. 1 951 $aSIBA - SISTEMA BIBLIOTECARIO DI ATENEO$bSI2012304 1J 20121207 996 $aBabel$9277402 997 $aUNIOR